Κατάλογος Βιβλιοθηκών Mediterranean College

Ασκήσεις Χρηματοοικονομικής Λογιστικής / Τέταρτη Έκδοση (Record no. 5058)

MARC details
000 -LEADER
fixed length control field 01057cam a22002174a 4500
005 - ΗΜΕΡΟΜΗΝΙΑ ΚΑΙ ΩΡΑ ΤΕΛΕΥΤΑΙΑΣ ΕΝΗΜΕΡΩΣΗΣ
Πεδίο ελέγχου 20250605164203.0
008 - FIXED-LENGTH DATA ELEMENTS--GENERAL INFORMATION
Πεδίο ελέγχου σταθερού μήκους 250528s ||||||||||||||||||||||||d
035 ## - SYSTEM CONTROL NUMBER
System control number 19810
020 ## - ISBN
ISBN 9603590266
040 ## - ΠΗΓΗ ΚΑΤΑΛΟΓΟΓΡΑΦΗΣΗΣ
Φορέας πρωτότυπης καταλογογράφησης MC Athens Campus Library
Γλώσσα καταλογογράφησης Ελληνικά, Μοντέρνα (1453-)
Modifying agency MC Athens Campus Library
Κανόνες περιγραφικής καταλογογράφησης AACR2
245 1# - ΤΙΤΛΟΣ ΚΑΙ ΔΗΛΩΣΗ ΥΠΕΥΘΥΝΟΤΗΤΑΣ
Τίτλος Ασκήσεις Χρηματοοικονομικής Λογιστικής / Τέταρτη Έκδοση
250 ## - EDITION STATEMENT
Edition statement
260 ## - PUBLICATION, DISTRIBUTION, ETC.
Name of publisher, distributor, etc. Ευγ. Μπένου,
Date of publication, distribution, etc. 1996
300 ## - PHYSICAL DESCRIPTION
Extent 484
505 0# - FORMATTED CONTENTS NOTE
Formatted contents note Ασκήσεις Θεμελιωδών Λογιστικών Εννοιών, Ασκήσεις Ειδικών Λογιστικών Προβλημάτων, Γενικές Ασκήσεις, Ερωτήσεις, Παράρτημα.
520 ## - SUMMARY, ETC.
Summary, etc. Ασκήσεις Θεμελιωδών Λογιστικών Εννοιών, Ασκήσεις Ειδικών Λογιστικών Προβλημάτων, Γενικές Ασκήσεις, Ερωτήσεις, Παράρτημα.
700 1# - ΠΡΟΣΘΕΤΗ ΑΝΑΓΡΑΦΗ--ΦΥΣΙΚΟ ΠΡΟΣΩΠΟ
Personal name Βασιλάτου - Θαναπούλου Έλλη
9 (RLIN) 5280
942 ## - ADDED ENTRY ELEMENTS (KOHA)
Koha item type Books
Holdings
Τύπος τεκμηρίου Βιβλιοθήκη Τρέχουσα τοποθεσία Barcode Αριθμός εισαγωγής Ημερομηνία απόκτησης Ταξιθετικό σύμβολο Αριθμός αντιτύπου Κατάσταση απόσυρσης Κατάσταση χαμένου Κατάσταση κατεστραμμένου Μη δανεισμός Σύνολο δανεισμών Ημερομηνία τελευταίας εμφάνισης Η τιμή ισχύει από
Books MC Athens Campus Library MC Athens Campus Library 9780000050571 5907 05/06/2025 657.48 VAS 1           05/06/2025 05/06/2025

MC Athens Campus Library
Πατησίων 94 & Κοδριγκτώνος 13, 104 34
Πελλήνης 8 & Πατησίων 107, 112 51
Τ: +30 210 8899600

MC Thessaloniki Campus Library
Ίωνος Δραγούμη 21, 54625 | Ίωνος Δραγούμη 15, 54625
Τ: +30 2310 287779 – Τ: +30 2314 440300